La religion dans les limites de la raison / (Record no. 156552)

MARC details
000 -LEADER
campo de control de longitud fija 00880nam a22002295i 4500
001 - NÚMERO DE CONTROL
campo de control 156552
003 - IDENTIFICADOR DE NÚMERO DE CONTROL
campo de control ES-MaACL
005 - FECHA Y HORA DE LA ÚLTIMA TRANSACCIÓN
campo de control 20250801160900.0
008 - DATOS DE LONGITUD FIJA--INFORMACIÓN GENERAL
campo de control de longitud fija 990701s1841 fr |||| | fre d
040 ## - FUENTE DE CATALOGACIÓN
Centro catalogador/agencia de origen CLM
Lengua de catalogación spa
Centro/agencia transcriptor CCPB | 3D
100 1# - ENTRADA PRINCIPAL--NOMBRE DE PERSONA
Nombre de persona Kant, Immanuel,
Fechas asociadas al nombre 1724-1804
9 (RLIN) 222608
245 13 - MENCIÓN DEL TÍTULO
Título La religion dans les limites de la raison /
Mención de responsabilidad, etc. Par E. Kant ; traduit de l'allemand par J. Trullard ; avec une lettre adressèe au traducteur par M.E. Quinet.
260 ## - PUBLICACIÓN, DISTRIBUCIÓN, ETC.
Lugar de publicación, distribución, etc. A Paris :
Nombre del editor, distribuidor, etc. Libraire de Ladrange,
Fecha de publicación, distribución, etc. 1841 (
Fabricante De l'imprimerie de Crapelet)
300 ## - DESCRIPCIÓN FÍSICA
Extensión XXVII, 392 p. ;
Dimensiones 22 cm.
597 ## - NOTA DE DESCRIPCIÓN FÍSICA
NOTA DE DESCRIPCIÓN FÍSICA Antep.
650 #4 - PUNTO DE ACCESO ADICIONAL DE MATERIA--TÉRMINO DE MATERIA
Término de materia o nombre geográfico como elemento de entrada Religión-
Subdivisión general Filosofía
9 (RLIN) 16799
700 1# - ENTRADA AGREGADA--NOMBRE PERSONAL
Nombre de persona Trullard, Jacques,
Fechas asociadas al nombre 1815-1887
9 (RLIN) 133400
700 1# - ENTRADA AGREGADA--NOMBRE PERSONAL
Nombre de persona Quinet, Edgar,
Fechas asociadas al nombre 1803-1875
9 (RLIN) 94643
852 ## - LOCALIZACIÓN
Ubicación ES-MaACL
Número de control de estantería F-7396
Nota libre -- Enc. hol.
852 ## - LOCALIZACIÓN
Ubicación ES-MaACL
Número de control de estantería D-4863
Nota libre -- Enc. hol.
Holdings
Estatus retirado Estado de pérdida Estado de daño No para préstamo Colección Biblioteca de origen Biblioteca actual Ubicación en estantería Fecha de adquisición Fuente de adquisición Total de préstamos Signatura topográfica completa Código de barras Visto por última vez Precio de reemplazo Tipo de ítem Koha
        Libros del s. XIX Biblioteca del Ateneo de Madrid Biblioteca del Ateneo de Madrid Sala Valle Inclán 17/01/2008     D-4863 901163792 23/02/2023 23/02/2023 Libro impreso antiguo
        Libros del s. XIX Biblioteca del Ateneo de Madrid Biblioteca del Ateneo de Madrid Depósito 2 17/01/2008     F-7396 1163791 23/02/2023 23/02/2023 Libro impreso antiguo